Actas del tercer Congreso Internacional de Estudios Pirenaicos : (Record no. 46682)

MARC details
000 -LEADER
campo de control de longitud fija 00962nam a2200217 i 4500
001 - NÚMERO DE CONTROL
campo de control 46682
003 - IDENTIFICADOR DE NÚMERO DE CONTROL
campo de control ES-MaACL
005 - FECHA Y HORA DE LA ÚLTIMA TRANSACCIÓN
campo de control 20230906161428.0
007 - CAMPO FIJO DE DESCRIPCIÓN FÍSICA--INFORMACIÓN GENERAL
campo de control de longitud fija t|
008 - DATOS DE LONGITUD FIJA--INFORMACIÓN GENERAL
campo de control de longitud fija 030331m19621963sp ||||1| spa d
080 ## - NÚMERO DE LA CLASIFICACIÓN DECIMAL UNIVERSAL
Número de la Clasificación Decimal Universal 908(234.12)(063)
111 2# - ENTRADA PRINCIPAL--NOMBRE DE CONGRESO/REUNIÓN
Nombre de congreso/reunión o jurisdicción como elemento de entrada Congreso Internacional de Estudios Pirenaicos (
Número del congreso/reunión o número de parte o sección 3º.
Fecha del congreso o de la firma del tratado 1958.
Sede del congreso/Lugar de la reunión Gerona)
9 (RLIN) 427
245 10 - MENCIÓN DEL TÍTULO
Título Actas del tercer Congreso Internacional de Estudios Pirenaicos :
Resto del título Gerona, 1958.
260 ## - PUBLICACIÓN, DISTRIBUCIÓN, ETC.
Lugar de publicación, distribución, etc. Jaca :
Nombre del editor, distribuidor, etc. Instituto de Estudios Pirenaicos,
Fecha de publicación, distribución, etc. [1962-1963]
300 ## - DESCRIPCIÓN FÍSICA
Extensión 4 v. :
Otras características físicas il. ;
Dimensiones 24 cm.
505 8# - NOTA DE CONTENIDO CON FORMATO
Nota de contenido con formato Contiene: 1. Sección I. Geología, morfología y geofísica (169 p.) -- 2. Sección II. Climatología, edafología, botánica y zoología (227 p.) -- 4. Sección IV. Geografía (130 p.) -- 6. Sección VI. Filología (225 p.)
546 ## - NOTA DE IDIOMA
Nota de lengua/lenguaje Textos en español y francés.
651 #4 - PUNTO DE ACCESO ADICIONAL DE MATERIA--NOMBRE GEOGRÁFICO
Nombre geográfico Pirineos-
Subdivisión de forma Congresos y asambleas.
9 (RLIN) 168001
710 2# - ENTRADA AGREGADA--NOMBRE DE ENTIDAD CORPORATIVA
Nombre de entidad corporativa o nombre de jurisdicción como elemento de entrada Instituto de Estudios Pirenaicos.
9 (RLIN) 4922
852 4# - LOCALIZACIÓN
Ubicación ES-MaACL
Número de control de estantería P-743
Holdings
Estatus retirado Estado de pérdida Estado de daño No para préstamo Biblioteca de origen Biblioteca actual Ubicación en estantería Fecha de adquisición Fuente de adquisición Total de préstamos Signatura topográfica completa Código de barras Visto por última vez Precio de reemplazo Tipo de ítem Koha
        Biblioteca del Ateneo de Madrid Biblioteca del Ateneo de Madrid Depósito 2 17/01/2008     P-743 1049099 23/02/2023 23/02/2023 Libro impreso